100 Biggest Cities in East Germany with a Map - Statistics

General Stats
  • This quiz has been taken 2,106 times
  • The average score is 28 of 100
Answers on the Map
Answers color-coded by a green-red scale on the quiz's map according to % correct below.
 
Answer Stats
Population City % Correct
1,279,212 Berlin
100%
501,417 Dresden
94%
530,010 Leipzig
94%
141,430 Potsdam
84%
252,956 Rostock
83%
301,918 Karl-Marx-Stadt
79%
288,355 Magdeburg
78%
217,035 Erfurt
72%
87,126 Frankfurt an der Oder
72%
230,728 Halle
69%
105,825 Jena
69%
90,956 Halle-Neustadt
68%
129,492 Schwerin
67%
93,441 Brandenburg an der Havel
65%
128,943 Cottbus
65%
132,257 Gera
58%
118,914 Zwickau
56%
74,766 Görlitz
53%
74,566 Stralsund
52%
61,583 Weimar
51%
68,270 Greifswald
46%
90,953 Neubrandenburg
45%
101,262 Dessau
41%
57,173 Wismar
40%
73,971 Plauen
37%
50,627 Bautzen
36%
51,754 Wittenberg
35%
56,715 Gotha
32%
47,027 Eisenach
31%
28,978 Oranienburg
30%
35,662 Meissen
29%
52,393 Eisenhüttenstadt
28%
56,125 Suhl
27%
50,717 Stendal
26%
49,840 Freiberg
25%
43,486 Pirna
25%
36,246 Zittau
25%
25,435 Aue
24%
67,881 Hoyerswerda
24%
48,089 Nordhausen
23%
51,426 Altenburg
21%
54,332 Eberswalde-Finow
20%
26,736 Neustrelitz
20%
29,096 Quedlinburg
19%
52,569 Schwedt
19%
46,851 Halberstadt
18%
27,053 Neuruppin
18%
47,326 Riesa
18%
36,778 Wernigerode
18%
38,527 Güstrow
17%
24,532 Waren
17%
27,464 Burg
16%
29,293 Ilmenau
16%
25,474 Meiningen
16%
30,706 Naumburg
16%
23,466 Parchim
16%
32,011 Radebeul
16%
33,710 Wilhelm-Pieck-Stadt Guben
16%
41,358 Freital
15%
33,970 Köthen
15%
44,367 Merseburg
15%
42,463 Mühlhausen
15%
23,726 Prenzlau
15%
34,037 Saalfeld
15%
27,111 Sonneberg
15%
29,572 Wittenberge
15%
41,467 Zeitz
15%
35,658 Fürstenwalde
14%
33,441 Greiz
14%
23,547 Salzwedel
14%
25,404 Annaberg-Buchholz
13%
41,019 Bernburg
13%
26,530 Eisleben
13%
31,776 Rudolstadt
13%
26,313 Forst
12%
38,082 Weißenfels
12%
26,552 Luckenwalde
11%
31,580 Senftenberg
11%
23,669 Sömmerda
11%
28,533 Strausberg
11%
36,790 Weißwasser
11%
27,633 Apolda
10%
29,665 Arnstadt
10%
26,968 Coswig
10%
30,935 Rathenow
10%
33,757 Sangerhausen
10%
24,258 Sondershausen
10%
24,547 Spremberg
10%
45,652 Wolfen
10%
33,891 Aschersleben
9%
27,894 Delitzsch
9%
27,777 Döbeln
9%
25,306 Hennigsdorf
9%
44,660 Schönebeck
9%
26,566 Glauchau
8%
23,789 Borna
7%
23,892 Finsterwalde
7%
25,663 Reichenbach im Vogtland
7%
23,558 Lauchhammer
6%
26,466 Staßfurt
6%
No matching quizzes found
Score Distribution
Percent of People with Each Score
Percentile by Number Answered
Your Score History
You have not taken this quiz